| 000 | 01225nam a22001937a 4500 | ||
|---|---|---|---|
| 999 |
_c59087 _d59087 |
||
| 003 | Ge_BSU | ||
| 005 | 20221122154042.0 | ||
| 008 | 221122s1986ge xxu||||| |||| 00| 0 geo d | ||
| 041 | _ageo | ||
| 080 | _a821.162.1-1 მ-72 | ||
| 100 |
_aმიცკევიჩი, ადამ, ავტ. _915997 |
||
| 245 |
_aრჩეული თხზულებანი : _bკრებული / _cშეადგინა, რედ. გაუკეთა, წინასიტყვ. და შენიშვნები დაურთო ი. ქემერტელიძემ |
||
| 264 |
_aთბილისი: _bსაბჭ. საქართველო, _c1986. |
||
| 300 |
_a734 გვ. : _bპორტრ. ; _c22 სმ. |
||
| 440 |
_aმსოფლიო ლიტერატურის ბიბლიოთეკა ; ტ. 37 _915998 |
||
| 653 | _aბალადები და რომანსები, სონეტები. ყირიმული სონეტები. ლექსები, ბალადები. | ||
| 700 |
_aქემერტელიძე, ი _e წინასიტყვ. და შენიშვნები დაურთო _93760 |
||
| 942 |
_2udc _cBK |
||